| 000 | 02556cam a22004454i 4500 | ||
|---|---|---|---|
| 003 | PE-LiUPU | ||
| 005 | 20250731165407.0 | ||
| 008 | 151014s2015 pe a grm 000 0 spa d | ||
| 035 | _a(Sirsi) a154876 | ||
| 040 |
_aPE-LiUPU _bspa _cPE-LiUPU _erda |
||
| 099 |
_aTE 3 _bM26 2015 |
||
| 100 | 1 |
_aMartínez Gutiérrez, Irina Angélica _eautor |
|
| 245 | 1 |
_aUso del celular y rendimiento académico de los estudiantes de 11 de las instituciones educativas privadas del Municipio de El Carmen de Bolivar, Colombia, 2014 / _cIrina Angélica Martínez Gutiérrez. |
|
| 264 | 0 | _c2015. | |
| 300 |
_a79 hojas : _bilustraciones; _c30 cm |
||
| 336 |
_atext _2rdacontent |
||
| 337 |
_aunmediated _2rdamedia |
||
| 338 |
_avolume _2rdacarrier |
||
| 502 |
_aTesis _b(Mg.) -- _cUniversidad Peruana Unión, _d2015. |
||
| 504 | _aIncluye referencias | ||
| 520 | 3 | _aEl estudio pretende determinar el grado de relación que existe entre el uso del celular y el rendimiento académico de los estudiantes de 11° de las instituciones educativas privadas de El Carmen de Bolivar, Colombia. En ese sentido, la investigación comprende el estudio de dos variables: predictora, uso del celular; variable criterio, rendimiento académico. La población estuvo constituida por 84 estudiantes de 11 de las instituciones educativas privadas del Municipio de El Carmen de Bolivar, Colombia, de los cuales se escogió el universo como un todo, cuya muestra es no probabilística, sino fue determinada de manera intencional quedando un total de 84 estudiantes. Los resultados encontrados muestran una relación poca significativa entre el uso del celular y el rendimiento académico. La investigación determinó que entre las dimensiones de la variable predictora (Uso del celular): "Uso como herramienta didáctica", "Uso como herremienta de comunicación" y "Uso como herramienta de entretenimiento", y la variable criterio: rendimiento académico cognitivo existe una relación igual a cero. | |
| 526 | _aSEG44 | ||
| 526 | _aSEG26 | ||
| 526 | _aP151 | ||
| 526 | _aP150 | ||
| 526 | _aP149 | ||
| 526 | _aP146 | ||
| 526 | _aP145 | ||
| 526 | _aP126 | ||
| 526 | _aP125 | ||
| 526 | _aP92 | ||
| 526 | _aP75 | ||
| 526 | _aP74 | ||
| 526 | _aP27 | ||
| 526 | _aP15 | ||
| 650 | 0 | 4 |
_aEducación básica _xTeléfonos móviles _xRendimiento académico _zColombia. |
| 596 | _a1 | ||
| 942 |
_2ddc _cTESIS |
||
| 999 |
_aTE 3 M26 2015 _wALPHANUM _c7570 _iT01766 _lCCODEBUL3 _mBUL _r1 _sY _tTESIS _u2015-10-14 _xPOSGRADO _PP57 _o.STAFF. Tesis _d7570 |
||
| 980 |
_81 _gALBERTO SANCHEZ Responsable de Automatización |
||